Lâm sinh học : giáo trình trung học lâm nghiệp /

Saved in:
Bibliographic Details
Main Author: Nguyễn, Thoan.
Format: Book
Language:Vietnamese
Published: Hà Nội : Nông nghiệp, 1980.
Subjects:
Tags: Add Tag
No Tags, Be the first to tag this record!
LEADER 00788nam a2200277 a 4500
001 005487482-3
005 20020606163548.3
008 830301s1980 vm a b 000 0 vie
010 |a  82190575 /SA 
020 |c 1đ90 (pbk.) 
020 |c 1đ90 (pbk.) 
035 0 |a ocm09349900 
035 1 |a MIVP90B9669 
035 1 |z DCLC82190575B 
040 |a DLC  |c DLC  |d YNH 
043 |a a-vt--- 
050 0 |a SD373  |b .N56 1980 
100 1 |a Nguyễn, Thoan. 
245 1 0 |a Lâm sinh học :  |b giáo trình trung học lâm nghiệp /  |c Nguyễn Thoan. 
260 |a Hà Nội :  |b Nông nghiệp,  |c 1980. 
300 |a 137, [1] p. :  |b ill. ;  |c 27 cm. 
504 |a Bibliography: p. [138] 
650 0 |a Forests and forestry. 
650 0 |a Forests and forestry  |z Vietnam. 
988 |a 20020608 
906 |0 DLC